006810000a22002410004500440009200000500002800092650002800120650001400148650002600162650002500188650002400213650002800237082001900265518001100284530000600295100002300301245002500324020001800349260003900367260000900406300001600415041000800431 aQuantitation applications in the social sciences; SAGE University paper seriesb07-0181 aIncludes bibliographies aMathematical statistics aSociology aStatistical inference aStatistical analysis aMathematical models aQuantitative techniques a519.535bM342a a981224 aM aMarkus, Gregory B. aAnalyzing panel data a0-8039-1372-9 aCaliforniabSAGE Publications, USA c1979 a72p.billus aEng